000 00728nam a2200229 a 4500
001 3995012
003 OSt
005 20260130063850.0
008 951221s1995 ii a b 001 0 eng
020 _a8173040591
040 _c.
082 _a305.42 SOU
100 1 _aSouthard, Barbara.
245 1 4 _aThe women's movement and colonial politics in Bengal :
_bthe quest for political rights, education, and social reform legislation, 1921-1936 /
_cBarbara Southard.
260 _aNew Delhi :
_bManohar,
_c1995.
300 _ax, 317 p. :
_bill. ;
_c23 cm.
365 _bRs. 450
650 0 _aFeminism
_zIndia.
650 0 _aWomen's rights
_zIndia.
651 0 _aIndia
_xPolitics and government
_y20th century.
942 _2ddc
_cBK
999 _c10694
_d10694